[Event "1st NAO GM"]
[Site "Paris FRA"]
[Date "2003.02.14"]
[Round "2"]
[White "Husari,Sa"]
[Black "Vachier Lagrave,M"]
[Result "1/2-1/2"]
[WhiteElo "2335"]
[BlackElo "2348"]

1.d4 Nf6 2.c4 e6 3.Nf3 d5 4.Nc3 Be7 5.Bf4 O-O 6.e3 c6 7.Qc2 Nbd7 8.h3 Re8
9.a3 Nf8 10.Bd3 Ng6 11.Bh2 Bd6 12.Bxd6 Qxd6 13.O-O dxc4 14.Bxc4 e5 15.Ng5 Rf8
16.Rad1 Qe7 17.Ba2 Bd7 18.Bb1 Rad8 19.Qc1 Bc8 20.Nf3 exd4 21.Nxd4 Nd5 22.Nf3 Nxc3
23.Qxc3 Rxd1 24.Rxd1 Rd8 25.Rxd8+ Qxd8 26.Bc2 Qd6 27.Bb3 h6 28.Bc2 b6 29.Bxg6 fxg6
30.Qe5 Qxe5 31.Nxe5 c5 32.Nxg6 Kf7 33.Nf4  1/2-1/2

[Event "4th ch-Asia"]
[Site "Doha QAT"]
[Date "2003.02.23"]
[Round "2"]
[White "Sharavdorj,D"]
[Black "Kayle,C"]
[Result "1-0"]
[WhiteElo "2438"]
[BlackElo "2063"]

1.d4 d5 2.Nf3 Nf6 3.c4 e6 4.Nc3 Be7 5.Bf4 O-O 6.e3 c5 7.dxc5 Bxc5 8.a3 Nc6
9.Qc2 Qa5 10.Nd2 dxc4 11.Nxc4 Qd8 12.Rd1 Qe7 13.Bg5 Rd8 14.Bd3 h6 15.Bh4 a6
16.Ne4 g5 17.Nxf6+ Qxf6 18.Bg3 Bf8 19.h4 g4 20.Ne5 h5 21.Nxc6 bxc6 22.Qxc6 Bd7
23.Qe4 Qh8 24.O-O f5 25.Qb7 Qf6 26.Bc4 Ba4 27.Rxd8 Rxd8 28.Qxa6  1-0

[Event "Open"]
[Site "Cappelle la Grande FRA"]
[Date "2003.02.24"]
[Round "4"]
[White "Makarov,M"]
[Black "Klovans,J"]
[Result "1/2-1/2"]
[WhiteElo "2512"]
[BlackElo "2417"]

1.Nf3 d5 2.d4 Nf6 3.c4 e6 4.Nc3 Be7 5.Bf4 O-O 6.e3 b6 7.Bd3 dxc4 8.Bxc4 Nd5
9.O-O Nxf4 10.exf4 Nc6 11.Qd2 Bb7 12.Rad1 Bb4 13.Qd3 Na5 14.Ng5 g6 15.Qh3 h5
16.Be2 Be7 17.Nf3 Bd6 18.Ne5 Qe7 19.Bf3 Bxf3 20.Qxf3 Rad8 21.a3 c5 22.dxc5 bxc5
23.Ne4 Bxe5 24.fxe5 Rxd1 25.Rxd1 Rd8 26.Rc1 Qb7 27.g3 Rd5 28.Nf6+ Kg7 29.Qe3 Nc4
30.Qg5 Nd2 31.Nxh5+ Kh7 32.Nf6+ Kg7 33.Nh5+ Kh7  1/2-1/2

[Event "Open"]
[Site "Cappelle la Grande FRA"]
[Date "2003.02.24"]
[Round "4"]
[White "Husari,Sa"]
[Black "Malakhatko,V"]
[Result "1/2-1/2"]
[WhiteElo "2335"]
[BlackElo "2512"]

1.Nf3 d5 2.d4 Nf6 3.c4 e6 4.Nc3 Be7 5.Bf4 O-O 6.e3 c5 7.dxc5 Bxc5 8.cxd5 Nxd5
9.Nxd5 exd5 10.a3 Nc6 11.Bd3 Bb6 12.O-O d4 13.Nxd4 Nxd4 14.exd4 Qxd4 15.Qf3 Qf6
16.Qe4 Qg6 17.Qxg6 hxg6 18.Be4 Bd4 19.a4 Re8 20.Bf3 Bxb2 21.Rab1 Bd4 22.Bxb7 Bxb7
23.Rxb7 Re2 24.Be3 Bxe3 25.fxe3 f6 26.Rc1 Rd8 27.h4 Rdd2 28.Rc8+ Kh7  1/2-1/2

[Event "ch-RUS w 1st League"]
[Site "Serpukhov RUS"]
[Date "2003.02.26"]
[Round "7"]
[White "Kursova,M"]
[Black "Andreeva,O"]
[Result "1-0"]
[WhiteElo "2251"]
[BlackElo "2122"]

1.d4 d5 2.Nf3 Nf6 3.c4 e6 4.Nc3 Be7 5.Bf4 O-O 6.e3 Nbd7 7.Rc1 c5 8.dxc5 Nxc5
9.cxd5 exd5 10.Be2 Nce4 11.O-O Be6 12.Nd4 Nxc3 13.Rxc3 Bd6 14.Bxd6 Qxd6 15.Qb3 Qe7
16.Bf3 Rac8 17.Rfc1 Rxc3 18.Rxc3 Rd8 19.Qc2 g6 20.a3 a6 21.h3 Qd6 22.b4 Qb6
23.Rc7 Rd7 24.Rc8+ Rd8 25.Qc7 Qxc7 26.Rxc7 Rd7 27.Rc8+ Kg7 28.Nb3 Ne4 29.Rb8 Rc7
30.Bxe4 dxe4 31.Nc5 Bd5 32.a4 f5 33.a5 Bc6 34.Ne6+  1-0

[Event "Open"]
[Site "Cappelle la Grande FRA"]
[Date "2003.02.27"]
[Round "7"]
[White "Belov,Vl"]
[Black "Jakubowski,K"]
[Result "1/2-1/2"]
[WhiteElo "2540"]
[BlackElo "2473"]

1.d4 d5 2.c4 e6 3.Nc3 Be7 4.Nf3 Nf6 5.Bf4 O-O 6.e3 Nbd7 7.a3 c6 8.h3 b6 9.cxd5 exd5
10.Bd3 Bb7 11.O-O a6 12.b4 a5 13.Rb1 axb4 14.axb4 b5 15.Qc2 Re8 16.Rfc1 Bf8
17.Ng5 g6 18.e4 Nh5 19.Be3 Nb6 20.e5 Bc8 21.Qe2 Ng7 22.g4 Ne6 23.Nf3  1/2-1/2

[Event "6th Open"]
[Site "Malaga ESP"]
[Date "2003.02.27"]
[Round "7"]
[White "Rasmussen,K"]
[Black "Leskovar,Mat"]
[Result "1-0"]
[WhiteElo "2396"]
[BlackElo "2150"]

1.c4 e6 2.Nc3 d5 3.d4 Be7 4.Nf3 Nf6 5.Bf4 O-O 6.e3 a6 7.c5 Nc6 8.Bd3 b6 9.cxb6 cxb6
10.Ne5 Bb7 11.O-O Rc8 12.Qf3 Nxe5 13.dxe5 Nd7 14.Rad1 Qc7 15.Qh3 g6 16.Qg3 Nc5
17.Bb1 b5 18.h4 Ne4 19.Nxe4 dxe4 20.h5 Rfd8 21.Rd6 Bxd6 22.exd6 Qd7 23.Be5 Rc5
24.Rd1 Rxe5 25.Qxe5 f5 26.h6 Rc8 27.Kh2 Bd5 28.g4 fxg4 29.Bxe4 Qf7 30.Bxd5 g3+
31.Kxg3  1-0

[Event "Tch-SWE 2002-3"]
[Site "Sweden SWE"]
[Date "2003.03.14"]
[Round "9"]
[White "Schussler,H"]
[Black "Ornstein,A"]
[Result "1-0"]
[WhiteElo "2446"]
[BlackElo "2426"]

1.d4 Nf6 2.Nf3 e6 3.c4 d5 4.Nc3 Be7 5.Bf4 O-O 6.e3 c5 7.dxc5 Bxc5 8.cxd5 exd5
9.Be2 Nc6 10.O-O Be6 11.Rc1 Rc8 12.Nb5 Bb6 13.Nd6 Rc7 14.Nxb7 Rxb7 15.Rxc6 Ne4
16.Ba6 Re7 17.Nd4 Nc5 18.Be2 Bd7 19.Rd6 Qa8 20.Bf3 Ne4 21.Bxe4 dxe4 22.Rxb6 axb6
23.Bd6 Rfe8 24.Bxe7 Rxe7 25.Qb3 Qd8 26.Rc1 Re5 27.Qa3 Ra5 28.Qd6 Rxa2 29.h3 Rxb2
30.Nf5 Qe8 31.Nxg7  1-0

[Event "19th Spring Fest"]
[Site "Budapest HUN"]
[Date "2003.03.15"]
[Round "2"]
[White "Galyas,M"]
[Black "Letay,G"]
[Result "1-0"]
[WhiteElo "2413"]
[BlackElo "2195"]

1.d4 Nf6 2.c4 e6 3.Nf3 d5 4.Nc3 Be7 5.Bf4 Nbd7 6.e3 c6 7.Qc2 O-O 8.h3 Re8
9.a3 Nf8 10.Rd1 b6 11.Bd3 Bb7 12.O-O Bd6 13.Bxd6 Qxd6 14.e4 dxe4 15.Nxe4 Nxe4
16.Bxe4 f5 17.c5 Qf4 18.Bd3 b5 19.Rfe1 Rad8 20.Re3 Rd5 21.Qe2 Qh6 22.Bc2 Ng6
23.Rxe6 Rf8 24.Re8 Nf4 25.Qe7  1-0

[Event "6th United Insurance"]
[Site "Dhaka BAN"]
[Date "2003.03.15"]
[Round "8"]
[White "Rahman,Tai"]
[Black "Barsov,A"]
[Result "1/2-1/2"]
[WhiteElo "2300"]
[BlackElo "2525"]

1.Nf3 d5 2.d4 Nf6 3.c4 e6 4.Nc3 Be7 5.Bf4 O-O 6.e3 c5 7.dxc5 Bxc5 8.cxd5 Nxd5
9.Nxd5 exd5 10.a3 Nc6 11.Bd3 Bb6 12.O-O d4 13.exd4 Nxd4 14.Be5 Nc6 15.Qc2 Nxe5
16.Bxh7+ Kh8 17.Nxe5 Qf6 18.Rae1 Bd4 19.Nf3 g6 20.Bxg6 fxg6 21.Nxd4 Qxd4
22.Qxg6 Qg7 23.Qh5+ Qh7 24.Qe5+ Qg7  1/2-1/2

[Event "Riviera GM"]
[Site "Opatija CRO"]
[Date "2003.03.15"]
[Round "2"]
[White "Timoscenko,G"]
[Black "Abramovic,B"]
[Result "1/2-1/2"]
[WhiteElo "2525"]
[BlackElo "2492"]

1.c4 e6 2.Nc3 d5 3.d4 Be7 4.Nf3 Nf6 5.Bf4 O-O 6.e3 c5 7.dxc5 Bxc5 8.cxd5 Nxd5
9.Nxd5 exd5 10.a3 Nc6 11.Bd3 Be7 12.b4 Bf6 13.Rc1 a6 14.h3 Be6 15.O-O Qe7
16.Qd2 Rfd8 17.Rfe1 g6 18.Bb1 Rac8 19.Ba2 h5 20.Nd4 Nxd4 21.exd4 Rxc1 22.Rxc1 a5
23.Rc7 Rd7 24.Rc8+ Kh7 25.Bb1 axb4 26.axb4 Rd8 27.Rc7 Rd7 28.Rc8 Rd8 29.Rxd8 Qxd8
30.Qe2 Kg7 31.Be5 Qb6 32.Bxf6+ Kxf6 33.Qe5+ Ke7 34.Qg5+ Kd7 35.Qd2 h4 36.Bd3 g5
37.Qc3 f6  1/2-1/2

[Event "Tch-SWE 2002-3"]
[Site "Sweden SWE"]
[Date "2003.03.15"]
[Round "10"]
[White "Jepson,C"]
[Black "Matros,A"]
[Result "0-1"]
[WhiteElo "2412"]
[BlackElo "2452"]

1.d4 Nf6 2.Nf3 d5 3.c4 e6 4.Nc3 Be7 5.Bf4 O-O 6.e3 Nbd7 7.c5 c6 8.Bd3 b6
9.b4 a5 10.a3 Ba6 11.O-O Qc8 12.Re1 Bxd3 13.Qxd3 Qb7 14.h3 Ra7 15.Rab1 axb4
16.axb4 Rfa8 17.Qc2 Ra3 18.Nd2 Qa6 19.e4 dxe4 20.b5 cxb5 21.c6 b4 22.Ncxe4 Nd5
23.Bd6 Bxd6 24.Nxd6 N7f6 25.N2c4 Ra2 26.Rb2 Rxb2 27.Qxb2 Ne8 28.Qe2 Nxd6
29.Nxd6 Qxe2 30.Rxe2 Ra1+ 31.Kh2 Rc1 32.Nf5 Rxc6 33.Ne3 Nxe3 34.fxe3 b3 35.e4 Rc4
36.d5 Kf8 37.dxe6 Rb4 38.Rb2 f6  0-1

[Event "TCh-FIN 2002-3"]
[Site "Finland FIN"]
[Date "2003.03.16"]
[Round "9"]
[White "Solozhenkin,E"]
[Black "Kiik,K"]
[Result "1-0"]
[WhiteElo "2506"]
[BlackElo "2450"]

1.d4 d5 2.c4 e6 3.Nf3 Nf6 4.Nc3 Be7 5.Bf4 c6 6.e3 O-O 7.h3 dxc4 8.Bxc4 b5
9.Bd3 Bb7 10.O-O Nbd7 11.Rc1 Rc8 12.Ne5 Nxe5 13.Bxe5 Nd7 14.Bh2 b4 15.Ne4 Qa5
16.Bd6 Bxd6 17.Nxd6 Rc7 18.Nxb7 Rxb7 19.Qc2 Rc7 20.Bxh7+ Kh8 21.Be4 c5 22.d5 c4
23.Qe2 Nf6 24.d6 Rd7 25.Bf3 Qxa2 26.Rxc4 a5 27.Rd1 Rfd8 28.Rc7 Rxd6 29.Rxd6 Rxd6
30.Rxf7 Kg8 31.Rb7 Qb1+ 32.Kh2 Qd3 33.Qe1 Qd2 34.Qb1 Qd3 35.Qc1 Rd8 36.Rb6 e5
37.Qc7 e4 38.Be2 Qd7 39.Bc4+ Kh8 40.Qf4 Rf8 41.Rb5 Nh7 42.Qxe4 Rxf2 43.Rh5 g6
44.Qxg6 Rf8 45.Bd3 Rf7 46.Rxa5 Qc7+ 47.g3  1-0

[Event "TCh-FIN 2002-3"]
[Site "Finland FIN"]
[Date "2003.03.16"]
[Round "9"]
[White "Yrjola,J"]
[Black "Kokkila,T"]
[Result "1/2-1/2"]
[WhiteElo "2422"]
[BlackElo "2307"]

1.d4 Nf6 2.c4 e6 3.Nf3 d5 4.Nc3 Be7 5.Bf4 O-O 6.e3 c5 7.dxc5 Bxc5 8.cxd5 exd5
9.Be2 Nc6 10.O-O Be6 11.Rc1 a6 12.Bg5 d4 13.exd4 Bxd4 14.Nxd4 Qxd4 15.Qxd4 Nxd4
16.Bd3 Nd5 17.Nxd5 Bxd5 18.b3 Ne6 19.Be3 Rfd8 20.Rfd1 Bc6 21.f3 g6 22.Kf2 Rd6
23.Rd2 Rad8 24.Rcd1 Kg7 25.g4 h6 26.f4 g5 27.fxg5 Nxg5 28.Bf5 Rxd2+ 29.Rxd2 Ne4+
30.Bxe4 Rxd2+ 31.Bxd2 Bxe4  1/2-1/2

[Event "XII It I"]
[Site "Dos Hermanas ESP"]
[Date "2003.03.30"]
[Round "3"]
[White "Dreev,A"]
[Black "Illescas Cordoba,M"]
[Result "1-0"]
[WhiteElo "2690"]
[BlackElo "2595"]

1.d4 Nf6 2.c4 e6 3.Nf3 d5 4.Nc3 Be7 5.Bf4 O-O 6.e3 c5 7.dxc5 Bxc5 8.cxd5 Nxd5
9.Nxd5 exd5 10.a3 Nc6 11.Bd3 Bb6 12.O-O d4 13.Qc2 h6 14.e4 Bg4 15.Ne5 Nxe5
16.Bxe5 Re8 17.Bg3 Rc8 18.Qd2 Ba5 19.Qf4 Qg5 20.h4 Qxf4 21.Bxf4 Bd8 22.f3 Bd7
23.Bg3 Re6 24.Rfc1 Rb6 25.Rxc8 Bxc8 26.Rc1 Be6 27.b4 Rc6 28.Rxc6 bxc6 29.Bd6 Bxh4
30.Bc5 Bb3 31.Bxa7 Bg5 32.Bxd4 Bc1 33.e5 Bxa3 34.Bc5 Bd5 35.f4 Bb2 36.Bf5 g5
37.fxg5 hxg5 38.Bd6 Be6 39.Be4 Bd7 40.Kf2 Kg7 41.Ke3 Bc3 42.Kd3 Be1 43.Be7 g4
44.Kc4 Bf2 45.Bc5 Bh4 46.Kd4 Kg8 47.Ke3 Bg3 48.Kd4 Bh4 49.Bd6 Bf2+ 50.Kc4 Bg3
51.e6 Bxe6+ 52.Kc5 Be1 53.Kxc6 f5 54.Bd3 f4 55.b5 f3 56.b6 Bc8 57.g3 Kf7
58.b7 Bxb7+ 59.Kxb7 Ke6 60.Kc6 Bf2 61.Bf4 Bd4 62.Bc4+ Kf5 63.Kd5 Bb6 64.Ba6 Kg6
65.Ke6 f2 66.Bd3+ Kh5 67.Kf7  1-0

[Event "Bundesliga 2002-3"]
[Site "Plauen GER"]
[Date "2003.03.30"]
[Round "15"]
[White "Naumann,A"]
[Black "Enders,P"]
[Result "1/2-1/2"]
[WhiteElo "2524"]
[BlackElo "2524"]

1.Nf3 d5 2.d4 Nf6 3.c4 e6 4.Nc3 Be7 5.Bf4 O-O 6.e3 c5 7.dxc5 Bxc5 8.cxd5 exd5
9.Be2 Nc6 10.O-O Be6 11.Rc1 Be7 12.Nd4 Nxd4 13.Qxd4 Qa5 14.a3 a6 15.Be5 Rfc8
16.Qa4 Qxa4 17.Nxa4 Rxc1 18.Rxc1 Rc8 19.Rxc8+ Bxc8 20.Bd4 Bd7 21.Nc3 Bc6
22.Bd1  1/2-1/2

[Event "Team Cup"]
[Site "Belgrade YUG"]
[Date "2003.04.04"]
[Round "1"]
[White "Damjanovic,D"]
[Black "Milivojevic,J"]
[Result "1-0"]
[WhiteElo "2296"]
[BlackElo "2222"]

1.d4 Nf6 2.c4 e6 3.Nc3 d5 4.Nf3 Be7 5.Bf4 c6 6.e3 Nbd7 7.h3 dxc4 8.Bxc4 Nb6
9.Bd3 Nbd5 10.Bg3 Nxc3 11.bxc3 Qa5 12.Qb3 Nd5 13.Rc1 Nxc3 14.Rxc3 Bb4 15.Kd2 Bxc3+
16.Qxc3 Qxa2+ 17.Bc2 Qd5 18.e4 Qh5 19.Bd6 f6 20.e5 f5 21.Ba3 Kf7 22.g4 Qh6+
23.Ke2 b6 24.Bc1 f4 25.h4 c5 26.h5 Ba6+ 27.Ke1  1-0

[Event "29th ch-BAN"]
[Site "Dhaka BAN"]
[Date "2003.04.05"]
[Round "10"]
[White "Rahman,Tai"]
[Black "Reefat,S"]
[Result "1/2-1/2"]
[WhiteElo "2300"]
[BlackElo "2451"]

1.d4 e6 2.c4 d5 3.Nf3 Nf6 4.Nc3 Be7 5.Bf4 O-O 6.e3 c5 7.dxc5 Bxc5 8.cxd5 Nxd5
9.Nxd5 exd5 10.a3 Nc6 11.Bd3 Be7  1/2-1/2

[Event "Schwarzwald Open"]
[Site "Bad Wildbad GER"]
[Date "2003.04.08"]
[Round "4"]
[White "Teske,H"]
[Black "Kroencke,M"]
[Result "1-0"]
[WhiteElo "2524"]
[BlackElo "2195"]

1.d4 d5 2.Nf3 Nf6 3.c4 e6 4.Nc3 Be7 5.Bf4 O-O 6.Rc1 c5 7.dxc5 Bxc5 8.cxd5 exd5
9.e3 Be7 10.Be2 Nc6 11.O-O Be6 12.Nd4 Nxd4 13.Qxd4 a6 14.Na4 Nd7 15.Bc7 Qe8
16.Rfd1 b5 17.Nc3 Nf6 18.Bf3 Rc8 19.Nxd5 Nxd5 20.Bxd5 Qd7 21.Bxe6 Qxe6 22.Qe5 Qxe5
23.Bxe5 f6 24.Bd4 Kf7 25.Kf1 f5 26.Ke2 g6 27.h3 Ke6 28.g4 Bd6 29.f4 Rxc1
30.Rxc1 Kd5 31.Kd3 Re8 32.Rg1 Ke6 33.h4 Be7 34.h5 fxg4 35.hxg6 hxg6 36.Rxg4 Kf5
37.Rg1 Bh4 38.Rh1 g5 39.fxg5 Bxg5 40.Rh7 Re6 41.Rf7+ Kg6 42.Rg7+ Kh6 43.Rg8 Rd6
44.Ke4 Bf6 45.Bxf6 Rxf6 46.Rg2  1-0

[Event "Classics GM"]
[Site "Gausdal NOR"]
[Date "2003.04.09"]
[Round "9"]
[White "Kallio,H"]
[Black "Westerinen,H"]
[Result "1-0"]
[WhiteElo "2470"]
[BlackElo "2360"]

1.Nf3 d5 2.c4 e6 3.d4 Nf6 4.Nc3 Be7 5.Bf4 O-O 6.e3 c5 7.dxc5 Bxc5 8.cxd5 Nxd5
9.Nxd5 Qxd5 10.Qxd5 exd5 11.Bd3 Nc6 12.a3 Bg4 13.Rc1 Bb6 14.Ne5 Nxe5 15.Bxe5 Rfe8
16.Bf4 d4 17.e4 Be6 18.Kd2 Rac8 19.f3 Bb3 20.Bb5 Red8 21.Kd3 f6 22.Rxc8 Rxc8
23.Rc1 Rxc1 24.Bxc1 Kf7 25.Bc4+ Bxc4+ 26.Kxc4 Ke6 27.g4 g5 28.f4 Bc7 29.f5+ Ke5
30.Kd3 Bb6 31.Bd2 a6 32.h3 Bc5 33.a4 b6 34.b4 Bd6 35.b5 axb5 36.axb5 Bc5
37.Be1 Kf4 38.Bf2 Be7 39.Bxd4 Bd8 40.Bc3 Be7 41.Kd4 Kg3 42.Kd5 Kxh3 43.Ke6 Bc5
44.Bxf6 Kxg4 45.Be7 Bd4 46.e5 Kf4 47.f6  1-0

[Event "Seniorsko"]
[Site "Nisa YUG"]
[Date "2003.04.12"]
[Round "4"]
[White "Djukic,Z YUG"]
[Black "Radoja,D"]
[Result "1-0"]
[WhiteElo "2423"]
[BlackElo "2241"]

1.d4 Nf6 2.c4 e6 3.Nc3 d5 4.Nf3 Be7 5.Bf4 c6 6.e3 O-O 7.Bd3 Nbd7 8.h3 dxc4
9.Bxc4 b5 10.Bb3 Bb7 11.O-O a6 12.a4 Rc8 13.Qe2 b4 14.Nb1 c5 15.Nbd2 cxd4
16.exd4 Nb8 17.Bc4 Qb6 18.a5 Qc6 19.Rfc1 Bd6 20.Bg5 Be7 21.Nb3 Qe8 22.Ne5 Nfd7
23.Bxe7 Qxe7 24.Nxd7 Qxd7 25.Nc5 Qc6 26.Qg4 Kh8 27.Bd3 f5 28.Qg3 Ba8 29.Bf1 Qd5
30.Qe3 Rfe8 31.Qe5 Kg8 32.Qxd5 Bxd5 33.Nxa6 Nxa6 34.Bxa6 Rxc1+ 35.Rxc1 Kf7
36.Be2 Re7 37.Rc5 Ra7 38.Rb5 b3 39.Bf3 Bxf3 40.gxf3 Ke7 41.f4 Kd6 42.Kf1 Kc6
43.Rc5+ Kb7 44.Ke2 Ka6 45.Kd3 Rd7 46.Kc4 g6 47.Re5 Rd8 48.Rxe6+ Kxa5 49.d5 Rc8+
50.Rc6 Re8 51.d6 Re2 52.d7 Rd2 53.Rc5+ Kb6 54.Rd5 Rxd5 55.Kxd5 Kc7 56.Ke6 Kd8
57.Kd6 h6 58.h4  1-0

[Event "GM"]
[Site "Evry FRA"]
[Date "2003.04.18"]
[Round "9"]
[White "Guidarelli,L"]
[Black "Bellaiche,A"]
[Result "0-1"]
[WhiteElo "2388"]
[BlackElo "2424"]

1.Nf3 Nf6 2.c4 e6 3.Nc3 d5 4.d4 Be7 5.Bf4 O-O 6.e3 c5 7.dxc5 Bxc5 8.a3 a6
9.Qc2 dxc4 10.Bxc4 b5 11.Bd3 Nbd7 12.Ne4 Qb6 13.Ne5 Bb7 14.Ng5 g6 15.h4 Rac8
16.Qe2 Bxg2 17.Rg1 Qa5+ 18.Kd1 Bd5 19.Nxd7 Nxd7 20.Qg4 Nf6 21.Qh3 Qa4+ 22.Ke1 Qb3
23.Rd1 Bb6 24.e4 Nxe4 25.h5 Qxd1+  0-1

[Event "ch-Kaissa Club"]
[Site "Kharkov UKR"]
[Date "2003.04.18"]
[Round "11"]
[White "Kostiuk,T"]
[Black "Tarlev,K"]
[Result "0-1"]
[WhiteElo "2245"]
[BlackElo "2358"]

1.d4 Nf6 2.Nf3 d5 3.c4 e6 4.Nc3 Be7 5.Bf4 O-O 6.e3 dxc4 7.Bxc4 a6 8.a4 b6
9.O-O Bb7 10.Qe2 Nc6 11.Rfd1 Nb4 12.e4 Qc8 13.Rac1 Rd8 14.Bb3 Ra7 15.h3 Ba8
16.d5 exd5 17.exd5 c5 18.dxc6 Nxc6 19.Bxf7+ Kxf7 20.Qc4+ Ke8 21.Ng5 Rxd1+
22.Rxd1 Bc5 23.Re1+ Re7 24.Qf7+ Kd7 25.Rd1+ Nd4 26.Qc4 Qc6 27.Nf3 Ke8 28.Rxd4 Bxd4
29.Qxc6+ Bxc6 30.Nxd4 Kd7 31.Kf1 Nd5 32.Nxd5 Bxd5 33.Be3 Be4 34.b3 Kd6 35.Ke2 Kd5
36.f3 Bg6 37.g4 Re8 38.Kd2 Rc8 39.Ne2 Rc2+ 40.Ke1 Rb2 41.Nf4+ Kd6 42.Nxg6 hxg6
43.Bxb6 Rxb3 44.a5 Rxf3  0-1

[Event "4th Karpov It"]
[Site "Poikovsky RUS"]
[Date "2003.04.22"]
[Round "3"]
[White "Lautier,J"]
[Black "Vescovi,G"]
[Result "1/2-1/2"]
[WhiteElo "2666"]
[BlackElo "2615"]

1.d4 Nf6 2.c4 e6 3.Nf3 d5 4.Nc3 Be7 5.Bf4 O-O 6.e3 Nbd7 7.Be2 dxc4 8.Bxc4 c5
9.O-O cxd4 10.Qxd4 Nb6 11.Be2 Qxd4 12.Nxd4 Nfd5 13.Nxd5 Nxd5 14.Be5 Bd7 15.Bf3 Rfd8
16.Rac1 Rac8 17.h3 a6 18.Nb3 Rxc1 19.Rxc1 f6 20.Bd4 Rc8 21.Rxc8+ Bxc8 22.a3 Kf7
23.Na5 b5 24.Kf1 Bd6 25.Ke1 Ke8 26.Kd2 Kd7 27.Nb3 Kc7 28.Bxd5 exd5 29.Bc5 Bh2
30.h4 Be5 31.f4 Bd6 32.Kc3 Bxc5 33.Nxc5 a5 34.Kd4 Kd6 35.Nb3 a4 36.Nc1 Bg4
37.Kc3 Kc5 38.Nd3+ Kd6 39.Nc1 Kc5 40.Nd3+ Kd6 41.Kd4 Be2 42.Nb4 Bc4 43.g3 Bb3
44.Nd3 Bd1 45.Nc1 Bg4 46.Kc3 Bd1 47.Kd4 Kc6 48.Nd3 Kd6 49.Nc5 Bc2 50.Nb7+ Kc7
51.Nc5 Kd6 52.g4 h6 53.Nb7+ Kc7 54.Nc5 Kd6 55.Nb7+ Kc7  1/2-1/2

[Event "City-ch"]
[Site "St Petersburg RUS"]
[Date "2003.04.22"]
[Round "7"]
[White "Ivanov,Se"]
[Black "Lugovoi,A"]
[Result "1/2-1/2"]
[WhiteElo "2557"]
[BlackElo "2563"]

1.d4 d5 2.c4 e6 3.Nc3 Be7 4.Nf3 Nf6 5.Bf4 O-O 6.e3 c5 7.dxc5 Bxc5 8.a3 Nc6
9.Rc1 a6 10.b4 Bd6 11.Bxd6 Qxd6 12.Be2 Rd8 13.cxd5 exd5 14.Nd4 Ne5 15.O-O Bg4
16.f3 Bd7 17.Nb3 Qe7 18.Re1 Be8 19.Nd4 Rac8 20.f4 Nc6 21.Bf3 a5 22.Nxc6 bxc6
23.Qd4 c5 24.bxc5 Rxc5 25.a4 Kf8 26.Nb5 Rdc8 27.Rxc5 Rxc5 28.Be2 Rc8 29.Bd3 Qc5
30.h3 h5 31.g4 hxg4 32.hxg4 Qxd4 33.exd4 Bd7 34.g5 Ne4  1/2-1/2

[Event "60th ch-POL"]
[Site "Warsaw POL"]
[Date "2003.04.22"]
[Round "1"]
[White "Cyborowski,L"]
[Black "Staniszewski,Pi"]
[Result "0-1"]
[WhiteElo "2543"]
[BlackElo "2446"]

1.Nf3 d5 2.c4 e6 3.d4 Nf6 4.Nc3 Be7 5.Bf4 O-O 6.e3 c5 7.dxc5 Bxc5 8.a3 Nc6
9.Rc1 d4 10.exd4 Nxd4 11.Ne5 b6 12.Bd3 Bb7 13.O-O Rc8 14.Re1 Nc6 15.b4 Be7
16.Nxc6 Bxc6 17.Qe2 Qd7 18.Red1 Qb7 19.f3 Qa8 20.Kh1 Rfd8 21.Be5 Nd7 22.Bf4 Nf6
23.Bb1 Rxd1+ 24.Rxd1 Rd8 25.Rxd8+ Qxd8 26.Qd3 Qd7 27.Kg1 Kf8 28.Kf1 Ke8 29.Ke2 g6
30.Qxd7+ Kxd7 31.Be3 Bd6  0-1

[Event "City-ch"]
[Site "St Petersburg RUS"]
[Date "2003.04.24"]
[Round "9"]
[White "Praslov,A"]
[Black "Lugovoi,A"]
[Result "0-1"]
[WhiteElo "2417"]
[BlackElo "2563"]

1.d4 Nf6 2.c4 e6 3.Nf3 d5 4.Nc3 Be7 5.Bf4 O-O 6.e3 Nbd7 7.c5 c6 8.b4 b6 9.Bd3 a5
10.a3 Ba6 11.O-O Qc8 12.h3 Qb7 13.Qc2 Bxd3 14.Qxd3 Ra6 15.b5 Raa8 16.bxc6 Qxc6
17.cxb6 Rac8 18.Rfc1 Nxb6 19.Ne5 Qa8 20.Ne2 Rxc1+ 21.Rxc1 Rc8 22.Qb5 Nc4
23.a4 Rb8 24.Qc6 Ba3 25.Qxa8 Rxa8 26.Rc2 Rc8 27.f3 h6 28.Nxc4 dxc4 29.e4 Nd7
30.Bd2 Bb4 31.Bc3 Nb6 32.Ra2 Rd8 33.Kf2 Bxc3 34.Nxc3 Rxd4 35.Rb2 Nd7 36.Rb5 Rd2+
37.Ne2 Ra2 38.Rxa5 Nb6 39.Rc5 Rxa4 40.Nc3 Ra3 41.Rc6 Rxc3 42.Rxb6 Rc2+ 43.Kg3 e5
44.Rb8+ Kh7 45.h4 h5 46.Rb7 f6 47.Rb8 c3 48.Rc8 Rc1 49.Rf8 c2 50.Rc8 g6 51.Rc7+ Kg8
52.Kh2 Kf8 53.Rc8+ Ke7 54.Rc3 g5 55.hxg5 fxg5 56.Kg3 g4 57.fxg4 h4+ 58.Kh2 Kf6
59.Rc5 Kg6 60.g5 Kh5 61.g4+ hxg3+ 62.Kg2 Kg6  0-1

[Event "Commonwealth Ch"]
[Site "Mumbai IND"]
[Date "2003.04.25"]
[Round "8"]
[White "Pogorelov,R"]
[Black "Babu,NS"]
[Result "1-0"]
[WhiteElo "2489"]
[BlackElo "2353"]

1.Nf3 d5 2.d4 Nf6 3.c4 e6 4.Nc3 Be7 5.Bf4 O-O 6.e3 c5 7.dxc5 Bxc5 8.cxd5 exd5
9.a3 Nc6 10.Be2 a6 11.Ne5 Bd6 12.Nxc6 bxc6 13.Bxd6 Qxd6 14.Rc1 c5 15.Na4 Nd7
16.O-O Rd8 17.Bf3 Bb7 18.b4 cxb4 19.axb4 Ne5 20.Nc5 Nxf3+ 21.Qxf3 Bc6 22.Qg3 Qxg3
23.hxg3 d4 24.exd4 Rxd4 25.Nxa6 Be8 26.Rfe1 Kf8 27.Nc7 Rb8 28.b5 Bd7 29.Red1 Rxd1+
30.Rxd1 Ke7 31.Nd5+ Ke8 32.b6 Bc6 33.Nc7+ Ke7 34.Rb1 Kd6 35.f3 Bb7 36.Kf2 Kc6
37.Ke3 Rd8 38.Nb5 Kc5 39.Nc3 Re8+ 40.Kf4 Ra8 41.g4 h6 42.Rb2 Kd4 43.Ne4 Bxe4
44.fxe4 Kc5 45.b7 Rb8 46.Kf5 Kd6 47.e5+ Ke7 48.Rb6 Kd7 49.e6+ fxe6+ 50.Kg6 Kc7
51.Rxe6 Ra8  1-0

[Event "Vedior Trophy"]
[Site "Milan ITA"]
[Date "2003.04.26"]
[Round "1"]
[White "Castaldo,F"]
[Black "Lanzani,M"]
[Result "1/2-1/2"]
[WhiteElo "2328"]
[BlackElo "2356"]

1.Nf3 d5 2.d4 Nf6 3.c4 e6 4.Nc3 Be7 5.Bf4 O-O 6.e3 c5 7.dxc5 Bxc5 8.cxd5 Nxd5
9.Nxd5 exd5 10.a3 Nc6 11.Bd3 Bd6 12.Qa4 Bxf4 13.Qxf4 d4 14.Nxd4 Qa5+ 15.Ke2 Nxd4+
16.Qxd4 Rd8 17.Qb4 Qh5+ 18.f3 Rxd3 19.Kxd3 Qg6+ 20.e4 Qxg2 21.Ke3 Qg5+ 22.Kf2 Qh4+
23.Ke2 b6 24.Qb5 Be6 25.Rac1 Qf4 26.Qc6 Rf8 27.Rcd1 h5 28.Qd6 Qf6 29.Qd4 Qf4
30.Rd2 Rc8 31.Qd6 Qf6 32.Kf2 Kh7 33.Rhd1 Rc5 34.Ke3 Rb5 35.b4 g5 36.Rd5 Qc3+
37.R5d3 Qc2 38.R3d2 Qa4 39.Rd3 a5 40.bxa5 Qxa5 41.Rc1 Rb2 42.Rcc3 Qb5 43.Rd2  1/2-1/2

[Event "4th Karpov It"]
[Site "Poikovsky RUS"]
[Date "2003.04.26"]
[Round "6"]
[White "Zvjaginsev,V"]
[Black "Vescovi,G"]
[Result "1/2-1/2"]
[WhiteElo "2664"]
[BlackElo "2615"]

1.c4 Nf6 2.Nc3 e6 3.Nf3 d5 4.d4 Be7 5.Bf4 O-O 6.e3 Nbd7 7.a3 c5 8.cxd5 Nxd5
9.Nxd5 exd5 10.dxc5 Nxc5 11.Be5 Bf6 12.Bxf6 Qxf6 13.Qd4 Qxd4 14.Nxd4 Bd7
15.f3 Rfc8 16.Kd2 Ne6 17.Nxe6 Bxe6 18.Bd3 Kf8 19.g4 h6 20.h4 Ke7 21.g5 Rh8
22.Kc3 g6 23.Kd4 Kd6 24.f4 hxg5 25.hxg5 Rxh1 26.Rxh1 Rc8 27.b4 Bd7 28.b5 b6
29.a4 Bf5 30.Bxf5 Rc4+ 31.Kd3 gxf5 32.Rh6+ Ke7 33.Rf6 Rxa4 34.Rxf5 Ke6 35.Re5+ Kd6
36.Re8 Kd7 37.Rh8 Ke6 38.Re8+ Kd7 39.Ra8 Ke6 40.Ke2 Rb4 41.Kf3 Rxb5 42.Kg4 Rb1
43.Rxa7 Rg1+ 44.Kf3 f6 45.Kf2 Rc1 46.g6 Rc8 47.Kf3 Rg8 48.g7 Kf5 49.Rb7 Kg6
50.Rxb6 Rxg7 51.Rd6 Re7 52.Rxd5 f5 53.Re5 Rxe5 54.fxe5 Kf7 55.Kg3 Ke7  1/2-1/2

[Event "City-ch w"]
[Site "St Petersburg RUS"]
[Date "2003.04.26"]
[Round "9"]
[White "Stjazhkina,O"]
[Black "Antoshkova,T"]
[Result "1-0"]
[WhiteElo "2313"]
[BlackElo "2103"]

1.d4 d5 2.c4 e6 3.Nf3 Be7 4.Nc3 Nf6 5.Bf4 c6 6.e3 Nbd7 7.c5 Nf8 8.b4 Ng6
9.Bd3 O-O 10.O-O Nxf4 11.exf4 b6 12.Ne5 Qc7 13.Qc2 g6 14.a3 Nh5 15.g3 f6
16.Nf3 Nxf4 17.gxf4 Qxf4 18.Be2 bxc5 19.bxc5 e5 20.Qd2 Qg4+ 21.Kh1 e4 22.Ne1 Qh4
23.Ng2 Qh3 24.Qe3 Bd8 25.Qxh3 Bxh3 26.Rfd1 Bc7 27.Ne3 Be6 28.Ba6 f5 29.Bb7 f4
30.Nexd5 cxd5 31.Nxd5 Bb8 32.Bxa8 f3 33.Ne3 Bh3 34.Bxe4 Rf4 35.Bd5+ Kg7 36.Rab1  1-0

[Event "TS"]
[Site "Belgrade YUG"]
[Date "2003.04.27"]
[Round "9"]
[White "Matovic,P"]
[Black "Nikolic,Dragos"]
[Result "1/2-1/2"]
[WhiteElo "2321"]
[BlackElo "2275"]

1.d4 Nf6 2.c4 e6 3.Nc3 d5 4.Nf3 Be7 5.Bf4 c6 6.e3 O-O 7.cxd5 exd5 8.Qc2 Nbd7
9.Bd3 h6 10.h3 Re8  1/2-1/2

[Event "5th Open"]
[Site "Dubai UAE"]
[Date "2003.04.29"]
[Round "9"]
[White "Dizdar,G"]
[Black "Pigusov,E"]
[Result "1/2-1/2"]
[WhiteElo "2514"]
[BlackElo "2588"]

1.d4 Nf6 2.Nf3 e6 3.c4 d5 4.Nc3 Be7 5.Bf4 O-O 6.e3 b6 7.Rc1 Bb7 8.cxd5 exd5
9.Be2 c6 10.Ne5 Nbd7 11.O-O Nxe5 12.dxe5 Ne8 13.Qc2 Nc7 14.Rfd1 Ne6 15.Bg3 Rb8
16.Qb1 Ba8 17.b4 c5 18.Bf3 d4 19.Bxa8 Rxa8 20.Qe4 Rc8 21.exd4 Nxd4 22.Bf4 f5
23.exf6 Bxf6 24.Be3 cxb4 25.Bxd4 bxc3 26.Qe6+ Kh8 27.Bxf6 Qxf6 28.Qxf6 gxf6
29.Rd3 Rfd8 30.Rcxc3  1/2-1/2

[Event "Riviera IM"]
[Site "Opatija CRO"]
[Date "2003.05.03"]
[Round "2"]
[White "Rezan,S"]
[Black "Osolin,B"]
[Result "1-0"]
[WhiteElo "2391"]
[BlackElo "2142"]

1.d4 d5 2.c4 e6 3.Nc3 Be7 4.Nf3 Nf6 5.Bf4 O-O 6.e3 c5 7.dxc5 Bxc5 8.Qc2 Nc6
9.a3 Qa5 10.O-O-O Bd7 11.Kb1 Be7 12.g4 dxc4 13.Bxc4 Rfd8 14.Nd2 e5 15.Nb3 Qc7
16.g5 Nh5 17.Nd5 Qb8 18.Bg3 Bg4 19.Be2 Bxe2 20.Qxe2 g6 21.Nxe7+ Nxe7 22.Rxd8+ Qxd8
23.Rd1 Qb6 24.Qc4 Rc8 25.Qb4 Qc7 26.Rc1 Qd7 27.Rxc8+ Nxc8 28.Ka2 Nxg3 29.hxg3 b6
30.Qc4 Kg7 31.Nc1 b5 32.Qc5 Qe6+ 33.Ka1 a6 34.Nd3 e4 35.Qd4+ Kg8 36.Nc5 Qc6
37.Nxe4 Qc1+ 38.Ka2 Qc4+ 39.Qxc4 bxc4 40.a4 a5 41.Nc5 Nd6 42.e4 Kf8 43.e5 Nc8
44.Nb7  1-0